|
|
|
|
| LEADER |
00000nam a2200000 a 4500 |
| 001 |
vtls010068340 |
| 003 |
SK-MaSNL |
| 005 |
20260331205850.0 |
| 008 |
180216 2009 xo o d b 001 0 slo |
| 015 |
|
|
|a SNBSAB2009-00049
|
| 020 |
|
|
|a 9788089308187
|q (brož.)
|
| 035 |
|
|
|a 5945BE46-838D-4DBA-BB6A-F81C33B64402
|
| 035 |
|
|
|a urn:nbn:sk:snk-amyg94
|
| 035 |
|
|
|a urn:nbn:sk:snk-am00ckhx
|
| 040 |
|
|
|a SNK
|b slo
|c SNK
|e AACR2
|
| 041 |
0 |
|
|a slo
|
| 043 |
|
|
|a e-xo---
|
| 044 |
|
|
|a xo
|c SK
|
| 072 |
|
7 |
|a 821.161
|x Východoslovanské literatúry
|2 konspekt
|
| 080 |
|
|
|a 821.161.2-051
|2 2001
|
| 080 |
|
|
|a 929 Galajda, Eliáš
|2 2001
|
| 080 |
|
|
|a 07-051
|2 2001
|
| 080 |
|
|
|a 012
|2 2001
|
| 100 |
1 |
|
|a Firkaľová, Mária,
|d 1959-
|4 com
|9 107790
|
| 245 |
1 |
0 |
|a Eliáš Galajda (1931)
|b personálna bibliografia
|c [zostavila: Mária Firkaľová]
|
| 250 |
|
|
|a [1. vyd.]
|
| 260 |
|
|
|a Humenné
|b Vihorlatská knižnica
|c 2009
|
| 300 |
|
|
|a 190 s.
|b fotogr.
|c 30 cm
|
| 500 |
|
|
|a Obrazová príloha s. 161-189, popisy k fotografiám
|
| 500 |
|
|
|a V tiráži je podnázov: Personálna bibliografia Výberová bibliografia
|
| 504 |
|
|
|a Usporiadanie temat.-chronolog., 750 záznamov kníh a článkov v slov., ukr., a angl., menný register s. 155-159
|
| 600 |
1 |
7 |
|a Galajda, Eliáš,
|d 1931-2017
|2 SNKMA
|9 109766
|
| 650 |
0 |
7 |
|a ukrajinskí spisovatelia
|2 SNKPH
|9 66678
|
| 655 |
|
7 |
|a personálne bibliografie
|2 SNKPH
|9 70198
|
| 655 |
|
7 |
|a výberové bibliografie
|2 SNKPH
|9 70561
|
| 710 |
2 |
|
|a Vihorlatská knižnica v Humennom
|4 pbl
|9 242431
|
| 919 |
|
|
|a 978-80-89308-18-7
|
| 958 |
|
|
|a OND
|
| 958 |
|
|
|a PB
|
| 958 |
|
|
|a SF
|
| 958 |
|
|
|a BX
|
| 958 |
|
|
|a NM
|
| 999 |
|
|
|c 1004608
|d 1006538
|
| 952 |
|
|
|a SNK
|b SNK
|y PREZ
|7 0
|p 17A0660032
|o snkSB 79564
|i snk2010/11228
|8 0
|0 0
|1 0
|4 0
|d 2010-05-26
|f 1
|l 0
|r 2025-04-30 00:00:00
|w 2026-02-24
|
| 952 |
|
|
|a SNK
|b SNK
|y PREZ
|7 0
|p 17A0660028
|o snkSB 79564 D1
|i snk2010/11230
|8 0
|0 0
|1 0
|4 0
|d 2010-05-26
|l 0
|r 2016-06-30 00:00:00
|w 2026-02-24
|